000 01030nam a2200301Ia 4500
008 160803s9999 xx 000 0 und d
020 _a9780590451222
100 _aCox, Clinton
245 4 _aThe forgotten heroes :
245 _cby Clinton Cox.
260 _aNew York :
260 _bScholastic Inc.
260 _c1993
300 _axii, 174 pages, [16] pages of plates :
300 _billustrations ;
300 _c21 cm
650 _aAfrican American soldiers -- West (U.S.) -- History -- 19th century --
650 _aAfrican Americans -- West (U.S.) -- History -- 19th century --
650 _aFrontier and pioneer life -- West (U.S.) --
650 _aIndians of North America -- Wars -- 1866-1895 --
650 _aUnited States. -- Army -- African American troops -- History -- 19th century --
650 _xJuvenile literature.
650 _xJuvenile literature.
650 _xJuvenile literature.
650 _xJuvenile literature.
650 _xJuvenile literature.
700 _a1140
999 _c298579
_d298579